书目信息 |
| 题名: |
高层建筑物抬升纠倾技术规程
|
|
| 作者: | 李今宝 , 徐赵东 主编 | |
| 分册: | ||
| 出版信息: | 南京 东南大学出版社 2024.11 |
|
| 页数: | 55页 | |
| 开本: | 21cm | |
| 丛书名: | 团体标准 | |
| 单 册: | ||
| 中图分类: | TU978-65 | |
| 科图分类: | ||
| 主题词: | 高层建筑--gao ceng jian zhu--倾斜--修缮加固--技术规范 | |
| 电子资源: | ||
| ISBN: | 978-7-5766-1635-4 | |
| 000 | 01234nam 2200301 450 | |
| 001 | 95501 | |
| 005 | 20250902154243.11 | |
| 010 | @a978-7-5766-1635-4@dCNY60.00 | |
| 094 | @aCN@bT/CI 240-2023 | |
| 100 | @a20250320d2024 em y0chiy50 ea | |
| 101 | 0 | @achi |
| 102 | @aCN@b320000 | |
| 105 | @ay l 000yy | |
| 106 | @ar | |
| 200 | 1 | @a高层建筑物抬升纠倾技术规程@Agao ceng jian zhu wu tai sheng jiu qing ji shu gui cheng@d= Technical specification for up-lifting and incline-rectifying of high-rise buildings@f李今宝, 徐赵东主编@zeng |
| 210 | @a南京@c东南大学出版社@d2024.11 | |
| 215 | @a55页@d21cm | |
| 225 | 2 | @a团体标准@Atuan ti biao zhun |
| 300 | @a中国国际科技促进会发布 2023-12-21发布 2023-12-21实施 | |
| 330 | @a为在加强高层建筑物抬升纠倾工程中贯彻执行国家的技术经济政策, 做到安全可靠、确保质量、经济合理、绿色环保制定本文件。 | |
| 410 | 0 | @12001 @a团体标准 |
| 510 | 1 | @aTechnical specification for up-lifting and incline-rectifying of high-rise buildings@zeng |
| 606 | 0 | @a高层建筑@Agao ceng jian zhu@x倾斜@x修缮加固@x技术规范 |
| 690 | @aTU978-65@v5 | |
| 701 | 0 | @a李今宝@Ali jin bao@4主编 |
| 701 | 0 | @a徐赵东@Axu zhao dong@4主编 |
| 801 | 0 | @aCN@c20250909 |
| 905 | @a河南城建学院图书馆@dTU978-65@eL180@f1 | |
| 高层建筑物抬升纠倾技术规程= Technical specification for up-lifting and incline-rectifying of high-rise buildings/李今宝, 徐赵东主编.-南京:东南大学出版社,2024.11 |
| 55页;21cm.-(团体标准) |
| 中国国际科技促进会发布 2023-12-21发布 2023-12-21实施 |
| ISBN 978-7-5766-1635-4:CNY60.00 |
| 为在加强高层建筑物抬升纠倾工程中贯彻执行国家的技术经济政策, 做到安全可靠、确保质量、经济合理、绿色环保制定本文件。 |
| ● |
| 相关链接 |
|
|
|
正题名:高层建筑物抬升纠倾技术规程
索取号:TU978-65/L180
 
预约/预借
| 序号 | 登录号 | 条形码 | 馆藏地/架位号 | 状态 | 备注 |
| 1 | 1629559 | 216295596 | 建筑库201/201建筑库 58排5列4层/ [索取号:TU978-65/L180] | 在馆 |